000 00557nam a22001817a 4500
005 20251108173204.0
008 250721s2004 xx 000 0 ara d
020 _a9773273784
082 1 4 _a792.022/سلا
100 1 _aسلام، أبو الحسن
245 1 0 _aمسرح الطفل : النظرية - مصادر الثقافة /
264 1 _aالقاهرة :
_bدار الوفاء لدنيا الطباعة و النشر،
_c2004.
300 _a302ص
650 1 7 _aالمسرح
650 1 7 _aالأطفال
942 _2ddc
_cBK
999 _c98131
_d98131